[Event "Itzehoe op"]
[Site "Itzehoe"]
[Date "2025.05.31"]
[Round "6"]
[White "Busch, Lara Sophie"]
[Black "Rose, Simeon"]
[Result "0-1"]
[WhiteElo "1597"]
[BlackElo "1864"]
[PlyCount "120"]
[EventDate "2025.05.29"]
[EventType "swiss"]
[EventRounds "7"]
[EventCountry "GER"]
[SourceTitle "CB23_2025"]
[SourceDate "2025.06.04"]
[SourceVersion "1"]
[SourceVersionDate "2025.06.04"]
[SourceQuality "1"]

1. e4 e5 2. Nf3 Nc6 3. Bc4 Bc5 4. c3 Nf6 5. d3 a6 6. Bb3 d6 7. 0-0 0-0 8. Nbd2 Be6 9. Re1 Ba7 10. Nf1 h6 11. Ng3 Ne7 12. h3 Ng6 13. d4 exd4 14. cxd4 Re8 15. d5 Bd7 16. Nd4 Nh7 17. Be3 Ng5 18. Bc2 Qf6 19. Qd2 Ne5 20. Bxg5 hxg5 21. Rad1 Bxh3 22. Qc3 Bg4 23. Rd2 g6 24. Bd1 Bxd1 25. Rexd1 Rac8 26. b3 Ng4 27. Qf3 Qxf3 28. Nxf3 f6 29. Nh2 Nxh2 30. Kxh2 Re5 31. Rf1 Kg7 32. Rd3 f5 33. exf5 gxf5 34. Rd2 Rce8 35. Rc1 Bb6 36. Rcc2 f4 37. Nf1 Re1 38. Kg1 Kf6 39. Rb2 g4 40. Rbc2 g3 41. Rc4 Kf5 42. b4 gxf2+ 43. Rxf2 R8e2 44. Rcxf4+ Ke5 45. Rf5+ Ke4 46. g4 Rxf2 47. Rxf2 Bxf2+ 48. Kxf2 Ra1 49. Ng3+ Kxd5 50. g5 Rxa2+ 51. Kg1 Ke5 52. Ne4 Kxe4 53. g6 Kf3 54. b5 Rg2+ 55. Kf1 Rxg6 56. bxa6 bxa6 57. Ke1 Rg2 58. Kd1 Ke3 59. Kc1 Kd3 60. Kd1 Rg1# 0-1

[Event "Itzehoe op"]
[Site "Itzehoe"]
[Date "2025.05.31"]
[Round "5"]
[White "Rose, Simeon"]
[Black "Thomas, Jeremy"]
[Result "0-1"]
[WhiteElo "1864"]
[BlackElo "1959"]
[PlyCount "120"]
[EventDate "2025.05.29"]
[EventType "swiss"]
[EventRounds "7"]
[EventCountry "GER"]
[SourceTitle "CB23_2025"]
[SourceDate "2025.06.04"]
[SourceVersion "1"]
[SourceVersionDate "2025.06.04"]
[SourceQuality "1"]

1. e4 c5 2. c3 d5 3. exd5 Qxd5 4. Nf3 e6 5. d4 Nf6 6. Be2 Nc6 7. 0-0 Be7 8. Be3 cxd4 9. Nxd4 Nxd4 10. Bxd4 0-0 11. Bf3 Qa5 12. b4 Qc7 13. a4 e5 14. Be3 Bf5 15. Qb3 Bd3 16. Rc1 e4 17. Bd1 Rfd8 18. Na3 Nd5 19. Bd4 Qf4 20. Bc2 Bxc2 21. Rxc2 Nxb4 22. cxb4 Rxd4 23. Nc4 Rad8 24. g3 Qf6 25. Rac1 Rd3 26. Qb1 Qd4 27. Kg2 h6 28. Re2 f5 29. Ne3 Qf6 30. Rc7 f4 31. gxf4 Qxf4 32. Rxb7 Qf3+ 33. Kg1 Qxe2 34. Rxe7 Rd1+ 35. Nxd1 Rxd1+ 36. Qxd1 Qxd1+ 37. Kg2 Qd4 38. a5 Qxb4 39. Rxa7 Qb8 40. Re7 Qa8 41. Kg1 Kf8 42. Re5 Qa6 43. h3 Kf7 44. Rxe4 Qxa5 45. Re3 Kg6 46. Kg2 Qd5+ 47. Kg1 Kf5 48. Rg3 g6 49. Rg4 Qd1+ 50. Kg2 Qxg4+ 51. hxg4+ Kxg4 52. f3+ Kf4 53. Kf2 h5 54. Kg2 g5 55. Kf2 h4 56. Kg2 Ke3 57. Kh3 Kxf3 58. Kh2 g4 59. Kg1 Kg3 60. Kh1 Kf2 0-1

[Event "GER-ch U25 op-B"]
[Site "Willingen"]
[Date "2024.05.23"]
[Round "7"]
[White "Reif, Karla"]
[Black "Rose, Simeon"]
[Result "1-0"]
[WhiteElo "1701"]
[BlackElo "1695"]
[PlyCount "87"]
[EventDate "2024.05.19"]
[EventType "swiss"]
[EventRounds "9"]
[EventCountry "GER"]
[SourceTitle "EXT 2025"]
[Source "ChessBase"]
[SourceDate "2024.10.14"]
[SourceVersion "1"]
[SourceVersionDate "2024.10.14"]
[SourceQuality "1"]

1. b3 e5 2. Bb2 Nc6 3. c4 Nf6 4. e3 d5 5. cxd5 Nxd5 6. a3 a6 7. Qc2 Bd6 8. Nf3 0-0 9. Bc4 Be6 10. Nc3 Nce7 11. Nxd5 Nxd5 12. Nxe5 Qg5 13. Nf3 Qh5 14. h3 b5 15. Be2 Bf5 16. Nd4 Qxe2+ 17. Kxe2 Bxc2 18. Nxc2 Rfe8 19. g3 c5 20. Rhc1 Rad8 21. Ne1 Nc7 22. d4 Ne6 23. dxc5 Nxc5 24. Rc3 f5 25. Rd1 Ne4 26. Rcd3 Re6 27. a4 bxa4 28. Ba3 Bxa3 29. Rxd8+ Kf7 30. R1d7+ Be7 31. bxa4 Nc3+ 32. Kf3 Nxa4 33. Ra7 Kf6 34. Rdd7 Nc5 35. Rdc7 Ne4 36. Nd3 a5 37. Rd7 Nd2+ 38. Kg2 Nc4 39. Nf4 Re5 40. Nd5+ Rxd5 41. Rxd5 a4 42. Rxa4 Nb6 43. Ra6 Ke6 44. Rb5 1-0

[Event "GER-ch U25 op-B"]
[Site "Willingen"]
[Date "2024.05.21"]
[Round "4"]
[White "Rose, Simeon"]
[Black "Symanski, Linda"]
[Result "1-0"]
[WhiteElo "1695"]
[BlackElo "1542"]
[PlyCount "79"]
[EventDate "2024.05.19"]
[EventType "swiss"]
[EventRounds "9"]
[EventCountry "GER"]
[SourceTitle "EXT 2025"]
[Source "ChessBase"]
[SourceDate "2024.10.14"]
[SourceVersion "1"]
[SourceVersionDate "2024.10.14"]
[SourceQuality "1"]

1. e4 d5 2. exd5 Nf6 3. Nc3 Nxd5 4. Nxd5 Qxd5 5. d4 Nc6 6. Nf3 Bg4 7. c4 Qd8 8. d5 Ne5 9. Be2 Bxf3 10. Bxf3 Nxc4 11. Qa4+ Qd7 12. Qxc4 g6 13. Qb3 b6 14. 0-0 Bg7 15. d6 Rd8 16. dxe7 Qxe7 17. Bc6+ Kf8 18. Be3 Qf6 19. Bd5 Qxb2 20. Rad1 Qxb3 21. axb3 a5 22. Bf4 Rc8 23. Bb7 Rb8 24. Bc6 Kg8 25. Bxc7 Rc8 26. Rd7 h5 27. Bd5 b5 28. Bxa5 Rc2 29. Rxf7 Kh7 30. Rb7 Rc5 31. Rd1 Rhc8 32. h3 Kh8 33. Bb4 Rc1 34. Rxc1 Rxc1+ 35. Kh2 Rc2 36. f4 Rb2 37. Rxb5 Bd4 38. Bd6 h4 39. Be5+ Bxe5 40. fxe5 1-0

[Event "GER-ch U25 op-B"]
[Site "Willingen"]
[Date "2024.05.19"]
[Round "2"]
[White "Rose, Simeon"]
[Black "Lohmann, Rene Alexander"]
[Result "1/2-1/2"]
[WhiteElo "1695"]
[BlackElo "1702"]
[PlyCount "82"]
[EventDate "2024.05.19"]
[EventType "swiss"]
[EventRounds "9"]
[EventCountry "GER"]
[SourceTitle "EXT 2025"]
[Source "ChessBase"]
[SourceDate "2024.10.14"]
[SourceVersion "1"]
[SourceVersionDate "2024.10.14"]
[SourceQuality "1"]

1. d4 Nf6 2. c4 g6 3. Nc3 Bg7 4. e4 d6 5. g3 0-0 6. Bg2 e5 7. d5 a5 8. Nge2 Nfd7 9. 0-0 Na6 10. Be3 Ndc5 11. a3 Bd7 12. f4 exf4 13. Nxf4 a4 14. Nd3 Nb3 15. Rb1 Re8 16. Qf3 f5 17. Bh3 fxe4 18. Qf7+ Kh8 19. Qxd7 exd3 20. Qxd8 Raxd8 21. Bg5 Rb8 22. Nxa4 h6 23. Bd7 hxg5 24. Bxe8 Rxe8 25. Rbd1 d2 26. Rf3 Re1+ 27. Rf1 Rxd1 28. Rxd1 Kg8 29. Kf2 Bd4+ 30. Ke2 Nc1+ 31. Kxd2 Nb3+ 32. Kc2 Nbc5 33. Nxc5 Bxc5 34. b4 Ba7 35. Rf1 Nb8 36. Kd3 Nd7 37. Ke4 Kg7 38. h3 Nf6+ 39. Kd3 Nh5 40. Rf3 Nf6 41. g4 Nd7 1/2-1/2